Startelf PSG 5-0 Inter Mailand - Statistiken

Allgemein
  • Dieses Quiz wurde 88 mal gespielt
  • Das Durchschnittsergebnis liegt bei 10 aus 11
Antwortstatistiken
# Position Spieler % Korrekt
1 TW Gianluigi Donnarumma
97%
2 RV Achraf Hakimi
96%
14 RF Désiré Doué
96%
10 ST Ousmane Dembélé
95%
17 ZM Vitinha
92%
25 LV Nuno Mendes
91%
5 IV Marquinhos
87%
51 IV Willian Pacho
86%
87 ZM João Neves
83%
8 ZM Fabian Ruiz
74%
7 LF Khvicha Kvaratskhelia
64%
Keine übereinstimmenden Quizze gefunden
Verteilung der Resultate
Anzahl Personen mit jedem Resultat
Perzentil nach korrekt beantworteten Fragen
Ihre Resultats-Entwicklung
Sie haben dieses Quiz noch nicht gespielt